Understanding the Bible / (Record no. 13379)
[ view plain ]
| 000 -LEADER | |
|---|---|
| fixed length control field | 01916cam a2200277 a 4500 |
| 001 - CONTROL NUMBER | |
| control field | 13379 |
| 003 - CONTROL NUMBER IDENTIFIER | |
| control field | OCoLC |
| 005 - DATE AND TIME OF LATEST TRANSACTION | |
| control field | 20251010132405.0 |
| 008 - FIXED-LENGTH DATA ELEMENTS--GENERAL INFORMATION | |
| fixed length control field | 960514s1997 cauab b 001 0 eng |
| 010 ## - LIBRARY OF CONGRESS CONTROL NUMBER | |
| LC control number | 96020085 |
| 020 ## - INTERNATIONAL STANDARD BOOK NUMBER | |
| International Standard Book Number | 9780072965483 |
| 020 ## - INTERNATIONAL STANDARD BOOK NUMBER | |
| International Standard Book Number | 0072965487 (alk. paper) |
| 040 ## - CATALOGING SOURCE | |
| Original cataloging agency | DLC |
| Language of cataloging | eng |
| Transcribing agency | DLC |
| Modifying agency | BTCTA |
| -- | YDXCP |
| -- | OCLCG |
| -- | OCLCO |
| -- | OCLCQ |
| -- | OCLCF |
| -- | BSULIB |
| 050 00 - LIBRARY OF CONGRESS CALL NUMBER | |
| Classification number | BS475.2 |
| Item number | H32 1997 |
| 082 ## - DEWEY DECIMAL CLASSIFICATION NUMBER | |
| Classification number | 220.6 |
| Item number | HAR |
| 100 1# - MAIN ENTRY--PERSONAL NAME | |
| Personal name | Harris, Stephen L., |
| Dates associated with a name | 1937- |
| 9 (RLIN) | 9906 |
| 245 10 - TITLE STATEMENT | |
| Title | Understanding the Bible / |
| Statement of responsibility, etc | Stephen L. Harris. |
| 250 ## - EDITION STATEMENT | |
| Edition statement | 7th ed. |
| 260 ## - PUBLICATION, DISTRIBUTION, ETC. (IMPRINT) | |
| Place of publication, distribution, etc | New York. : |
| Name of publisher, distributor, etc | McGraw-Hill., |
| Date of publication, distribution, etc | 2007. |
| 300 ## - PHYSICAL DESCRIPTION | |
| Extent | xvii, 533p. : |
| Other physical details | ill. (col.), maps ; |
| Dimensions | 23 cm. |
| 504 ## - BIBLIOGRAPHY, ETC. NOTE | |
| Bibliography, etc | Includes bibliographical references (pages 541-545) and index. |
| 505 ## - FORMATTED CONTENTS NOTE | |
| Formatted contents note | --The Bible : an overview --The process of formation: how the Bible was transmitted, canonized, and Translated --The Ancient Near East: The environment that produced the Bible --The God of Israel: an evolving portrait --The Torah: Five Books of Divine teaching --The Prophets (Nevi'im) I: the story of Israel from the promised land to Exile ----The prophets (Nevi'im) II: Individual spokespersons of God --The writings (Kethuvim): Books of poetry, wisdom, short fiction, Apocalyptic visions, and Sacred History --Books of the second Canon: The Apocrypha --Between the Two Testaments: Greek Culture and the growth of multiple Judaisms --Books of the New testament: an overview --The Gospels: Four portraits of Jesus --The continuing Quest for the Historical Jesus --An Account of Christian Origins and the Pauline Letters --General Epistles and a a vision of the End Time --Interpreting the Judeo-Christian Bible in a changed world |
| 630 00 - SUBJECT ADDED ENTRY--UNIFORM TITLE | |
| Uniform title | Bible |
| Form subdivision | Introductions. |
| 9 (RLIN) | 25997 |
| 776 08 - ADDITIONAL PHYSICAL FORM ENTRY | |
| Display text | Online version: |
| Main entry heading | Harris, Stephen L., 1937- |
| Title | Understanding the Bible. |
| Edition | 4th ed. |
| Place, publisher, and date of publication | Mountain View, Calif. : Mayfield Pub., ℗♭1997 |
| Record control number | (OCoLC)763799147. |
| 942 ## - ADDED ENTRY ELEMENTS (KOHA) | |
| Source of classification or shelving scheme | Dewey Decimal Classification |
| Item type | Books |
| Withdrawn status | Lost status | Source of classification or shelving scheme | Damaged status | Not for loan | Home library | Current library | Shelving location | Date acquired | Source of acquisition | Inventory number | Total Checkouts | Full call number | Barcode | Date last seen | Copy number | Price effective from | Koha item type | Public note |
|---|---|---|---|---|---|---|---|---|---|---|---|---|---|---|---|---|---|---|
| Dewey Decimal Classification | Main Library | Main Library | Reserve Book Section | 05/10/2011 | Purchased | 22940 | 220.6 HAR | bsu25100212 | 10/10/2025 | 001 | 10/10/2025 | Books | Material available in hard copy |